书目信息 |
| 题名: |
智力残疾成人康复社会工作实务手册
|
|
| 作者: | ;香港扶康会 著 | |
| 分册: | ||
| 出版信息: | 广州 中山大学出版社 2018.01 |
|
| 页数: | 169页 | |
| 开本: | 23cm | |
| 丛书名: | 康复社会工作实务系列 | |
| 单 册: | ||
| 中图分类: | R494-62 | |
| 科图分类: | ||
| 主题词: | 智力落后--成年人--康复训练--社会工作--手册 | |
| 电子资源: | ||
| ISBN: | 978-7-306-06191-1 | |
| 000 | 01122oam2 2200265 450 | |
| 001 | 0108153915 | |
| 005 | 20210308154404.0 | |
| 010 | @a978-7-306-06191-1@dCNY34.00 | |
| 100 | @a20181129d2018 em y0chiy50 ea | |
| 101 | 0 | @achi |
| 102 | @aCN@b440000 | |
| 105 | @aa z 000yy | |
| 106 | @ar | |
| 200 | 1 | @a智力残疾成人康复社会工作实务手册@Azhi li can ji cheng ren kang fu she hui gong zuo shi wu shou ce@f香港扶康会著 |
| 210 | @a广州@c中山大学出版社@d2018.01 | |
| 215 | @a169页@c图@d23cm | |
| 225 | 2 | @a康复社会工作实务系列@h第二辑@i社会工作实务手册 |
| 330 | @a本书由五章内容组成:第一、第二章主要阐述智力残疾的成因与预防方法,第三章介绍香港现时为智力残疾成人提供的服务及其内容与服务成效评估,第四章主要介绍社会工作三大手法(个案、小组、社区)如何应用于智力残疾成人服务,第五章则讲述如何推行智力残疾人士家长工作和宣传工作。 | |
| 461 | 0 | @12001 @a康复社会工作实务系列 |
| 462 | 0 | @12001 @a社会工作实务手册 |
| 606 | 0 | @a智力落后@x成年人@x康复训练@x社会工作@j手册 |
| 690 | @aR494-62@v5 | |
| 711 | 02 | @a香港扶康会@Axiang gang fu kang hui@4著 |
| 801 | 0 | @aCN@bBJSZM@c20210308 |
| 905 | @b1272995-8@dR494-62@e143@f4 | |
| 智力残疾成人康复社会工作实务手册/香港扶康会著.-广州:中山大学出版社,2018.01 |
| 169页:图;23cm.-(康复社会工作实务系列.第二辑.社会工作实务手册) |
| ISBN 978-7-306-06191-1:CNY34.00 |
| 本书由五章内容组成:第一、第二章主要阐述智力残疾的成因与预防方法,第三章介绍香港现时为智力残疾成人提供的服务及其内容与服务成效评估,第四章主要介绍社会工作三大手法(个案、小组、社区)如何应用于智力残疾成人服务,第五章则讲述如何推行智力残疾人士家长工作和宣传工作。 |
| ● |
| 相关链接 |
|
|
|
|
正题名:智力残疾成人康复社会工作实务手册
索取号:R494-62/143
 
预约/预借
| 序号 | 登录号 | 条形码 | 馆藏地/架位号 | 状态 | 备注 |
| 1 | 1272995 | 212729957 | 第二样本阅览室/ [索取号:R494-62/143] | 在馆 | |
| 2 | 1272996 | 212729966 | 教育系资料室/ [索取号:R494-62/143] | 在馆 | |
| 3 | 1272997 | 212729975 | 教育系资料室/ [索取号:R494-62/143] | 在馆 | |
| 4 | 1272998 | 212729984 | 第三借阅区/ [索取号:R494-62/143] | 在馆 |